000
00307nam a2200133Ia 4500
005
20251222144648.0
008
251222s9999||||xx |||||||||||||| ||spa||
020
_a
84-207-6417-5
082
_a
860.6/T96
100
_a
Tusón, Vicente
245
0
_a
Literatura del Siglo XX
264
_b
Anaya
942
_c
LIB
999
_c
16950
_d
16950